Текст томруулах:    
The working class in modern Europe (Бичлэгийн дугаар. 146130)
000 -УДИРДЛАГА
Удирдлага 00701nam a22002417a 4500
003 - ХЯНАЛТЫН ТОО ТОДОРХОЙЛОГЧ
Код MN-UlNUM
005 - БИЧИЛТ ХИЙСЭН ОГНОО
Тухайн бичилтийг бичсэн засварласан сүүлийн огноо 20260108111310.0
008 - ЕРӨНХИЙ МЭДЭЭЛЭЛ
Ерөнхий мэдээлэл 260108s1975 mau|b||| |||| 00| 0 eng |
020 ## - ISBN
ISBN 066992833X
040 ## - БИЧЛЭГ ҮҮСГЭГЧ БАЙГУУЛЛАГА
Бичлэг үүсгэгч номын сангийн код МУИС-ийн номын сан
084 ## - ББК АНГИЛАЛ
Нэмэлт тусгалт Бусад
ББК ангилал 60.7
Зохиогчийн гурван тэмдэгт W 80
Мэдлэгийн ялгаа 6 - Нийгэм
245 04 - ҮНДСЭН ГАРЧИГ
Номын нэр The working class in modern Europe
Оролцогчдын тухай мэдээ edited and with an introd. by Mary Lynn McDougall.
260 ## - ГАРАЛТЫН МЭДЭЭ
Хэвлэгдсэн газар Lexington, Mass. :
Хэвлэлийн газар Heath,
Хэвлэгдсэн он [1975]
300 ## - МАТЕРИАЛЫН ТОДОРХОЙЛОЛТ
хуудасны тоо xvii, 185 p. ;
Хэмжээ 21 cm.
500 ## - Тайлбар
Дансны дугаар БС 4881
546 ## - ХЭЛНИЙ ТУХАЙ МЭДЭЭ
Хэл Англи хэл дээр,
740 ## - НОМЫН ГАРЧИГ
Гарчиг Economic activism, 1811-1937
740 ## - НОМЫН ГАРЧИГ
Гарчиг Political militancy, 1834-1939
740 ## - НОМЫН ГАРЧИГ
Гарчиг Working-Glass life
942 ## - ЭЛЕМЕНТИЙН ТӨРӨЛ
Зүйлийн төрөл Ном